Menudju puntjak kemegahan (sedjarah Keradjaan Madjapahit) (Record no. 72312)

MARC details
000 -LEADER
fixed length control field 00700cam a22002171 4500
001 - CONTROL NUMBER
control field sa 67000948
003 - CONTROL NUMBER IDENTIFIER
control field DLC
005 - DATE AND TIME OF LATEST TRANSACTION
control field 20260227112319.0
008 - FIXED-LENGTH DATA ELEMENTS--GENERAL INFORMATION
fixed length control field 760907s1965 io 000 0 ind
010 ## - LIBRARY OF CONGRESS CONTROL NUMBER
LC control number sa 67000948
035 ## - SYSTEM CONTROL NUMBER
System control number (OCoLC)2414655
040 ## - CATALOGING SOURCE
Original cataloging agency DLC
Transcribing agency IDeKN
Modifying agency IDeKN
-- DLC
042 ## - AUTHENTICATION CODE
Authentication code premarc
050 00 - LIBRARY OF CONGRESS CALL NUMBER
Classification number DS646.29.M25
Item number S55
100 1# - MAIN ENTRY--PERSONAL NAME
Personal name Slametmuljana, B. Raden.
245 10 - TITLE STATEMENT
Title Menudju puntjak kemegahan (sedjarah Keradjaan Madjapahit)
Statement of responsibility, etc. oleh Slamet Muljono. Dikerdjakan dengan bantuan Departemen Urusan Research Nasional.
260 ## - PUBLICATION, DISTRIBUTION, ETC.
Place of publication, distribution, etc. Djakarta,
Name of publisher, distributor, etc. Balai Pustaka,
Date of publication, distribution, etc. 1965.
300 ## - PHYSICAL DESCRIPTION
Extent 204 p.
Other physical details illus.
Dimensions 22 cm.
500 ## - GENERAL NOTE
General note Summary: 9 p. inserted.
651 #0 - SUBJECT ADDED ENTRY--GEOGRAPHIC NAME
Geographic name Majapahit (Kingdom)

No items available.

Powered by Koha